000 00294nam a22001337a 4500
008 181031b xxu||||| |||| 00| 0 eng d
020 _a04650565281
041 _aeng
080 _a510
100 _a39
101 _aMAT
245 _aANontechnical Introduction
_cDavis.M.D
942 _2udc
_cBK
999 _c51354
_d51354